000 00624cam a22002411 4500
001 sa 66000231
003 DLC
005 20260227112213.0
008 890602s1965 ii b 000 0 beno
010 _asa 66000231
035 _a(OCoLC)19807862
040 _aDLC
_cWaU
_dDLC
042 _apremarc
050 0 0 _aPK3797
_b.B38
100 1 _aBhattacharya, Bishnupada.
245 0 0 _aKālid̄asa o Rabīndranātha.
260 _c[1965]
300 _a207 p.
_c23 cm.
500 _aIn Bengali.
504 _aIncludes bibliographical references.
600 0 0 _aKālidāsa.
600 1 0 _aTagore, Rabindranath,
_d1861-1941.
999 _c67138
_d67138